| 000 -CABECERA |
| Longitud fija campo de control |
00590nam a2200181 a 4500 |
| 001 - NÚMERO DE CONTROL |
| Número de control |
4760 |
| 003 - IDENTIFICADOR DEL NÚMERO DE CONTROL |
| Identificador del número de control |
CDMR |
| 005 - FECHA Y HORA DE LA ÚLTIMA TRANSACCIÓN |
| Fecha y hora de la última transacción |
20130426135218.0 |
| 008 - CÓDIGOS DE INFORMACIÓN DE LONGITUD FIJA |
| Códigos de información de longitud fija |
130130s2004||||||||||||||||||||||||||||d |
| 020 ## - NÚMERO INTERNACIONAL NORMALIZADO PARA LIBROS |
| Número Internacional Normalizado para Libros (ISBN) |
8460636925 |
| 040 ## - FUENTE DE LA CATALOGACIÓN |
| Centro catalogador de origen |
CDMR |
| Lengua de catalogación |
cat |
| Centro transcriptor |
CPC LLEIDA |
| 100 1# - PUNTO DE ACCESO PRINCIPAL-NOMBRE DE PERSONA |
| 9 (RLIN) |
3295 |
| Nombre de persona |
Cullerés Balagueró, Miquel Àngel |
| 245 10 - MENCIÓN DE TÍTULO |
| Título |
Història Gràfica de Mollerussa |
| Mención de responsabilidad, etc. |
Miquel Àngel Cullerés Balagueró, Miquel Polo Silvestre, Josep Ripoll Ballesté |
| 260 ## - PUBLICACIÓN, DISTRIBUCIÓN, ETC. (PIE DE IMPRENTA) |
| Lugar de publicación, distribución, etc. |
Mollerussa |
| Fecha de publicación, distribución, etc. |
2004 |
| Nombre del editor, distribuidor, etc. |
Ajuntament de Mollerussa |
| 650 04 - PUNTO DE ACCESO ADICIONAL DE MATERIA - TÉRMINO DE MATERIA |
| 9 (RLIN) |
3096 |
| Término de materia o nombre geográfico como elemento inicial |
Fotografia |
| 710 1# - PUNTO DE ACCESO ADICIONAL - NOMBRE DE ENTIDAD |
| 9 (RLIN) |
2830 |
| Nombre de entidad o nombre de jurisdicción como elemento inicial |
Mollerussa |
| Unidad subordinada |
-- Ajuntament |
| 942 ## - ENTRADA DE ELEMENTOS AGREGADOS (KOHA) |
| Koha [por defecto] tipo de item |
Monografies |
| Fuente de clasificaión o esquema |
|